000 00533nam a2200181Ia 4500
003 GCL
008 140319s9999 xx 000 0 ara d
040 _aGCL /
_cGCL
082 0 4 _a219
_bم ت
100 1 _aمحمد ابوزهرة
245 1 0 _aالتكافل الاجتماعى فى الاسلام /
_cمحمد ابوزهرة
300 _a96 ص
490 _a
650 0 4 _aالاسلام
650 0 4 _aالاسلام والمجتمع
650 0 4 _aحركات الاحياء والاصلاح والتجدي
942 _2ddc
_cBK
999 _c38676
_d38676